El esfuerzo colectivo hacia la construcción de un concepto integral de la Seguridad Alimentaria y Nutricional en la Unviersidad de Costa Rica /
En el libro se aborda el enfoque multidimensional de la seguridad alimentaria y nutricional desarrollado en la Universidad de Costa Rica (UCR). El artículo explora cómo la UCR ha trabajado en la construcción de un concepto integral de seguridad alimentaria y nutricional que va más allá de la disponi...
সংরক্ষণ করুন:
| সংস্থা লেখক: | |
|---|---|
| বিন্যাস: | অজ্ঞাত |
| ভাষা: | Spanish |
| প্রকাশিত: |
San José, Costa Rica :
UCR
|
| বিষয়গুলি: | |
| ট্যাগগুলো: |
ট্যাগ যুক্ত করুন
কোনো ট্যাগ নেই, প্রথমজন হিসাবে ট্যাগ করুন!
|
MARC
| LEADER | 00000 a2200000 04500 | ||
|---|---|---|---|
| 001 | 44716 | ||
| 003 | cru IIS | ||
| 005 | 20230907164444.0 | ||
| 008 | 050701s2009 cr spa d | ||
| 020 | |a [sin ISBN] | ||
| 022 | |a [sin ISBN] | ||
| 040 | |c CRAI | ||
| 090 | |a 15.03.01 S449e | ||
| 110 | |a Universidad de Costa Rica. |b Comisión Universitaria de Seguridad Alimentaria y Nutricional | ||
| 245 | |a El esfuerzo colectivo hacia la construcción de un concepto integral de la Seguridad Alimentaria y Nutricional en la Unviersidad de Costa Rica / |c Universidad de Costa Rica. Comisión Universitaria de Seguridad Alimentaria y Nutricional | ||
| 260 | |a San José, Costa Rica : |b UCR | ||
| 300 | |a 97 páginas | ||
| 520 | |a En el libro se aborda el enfoque multidimensional de la seguridad alimentaria y nutricional desarrollado en la Universidad de Costa Rica (UCR). El artículo explora cómo la UCR ha trabajado en la construcción de un concepto integral de seguridad alimentaria y nutricional que va más allá de la disponibilidad de alimentos, abordando también aspectos como el acceso, la utilización y la estabilidad de los mismos. Este enfoque se basa en una perspectiva participativa e interdisciplinaria, involucrando a diversas disciplinas y actores en la definición y aplicación de políticas y programas. El artículo destaca la importancia de considerar las dimensiones culturales, sociales y económicas en la promoción de una seguridad alimentaria y nutricional sostenible. RAR | ||
| 650 | 0 | |2 OCDE |9 630 |a SEGURIDAD ALIMENTARIA | |
| 650 | 0 | |2 OCDE |9 4358 |a UNIVERSIDAD DE COSTA RICA | |
| 650 | 0 | |2 OCDE |9 3455 |a ALIMENTOS | |
| 650 | 0 | |2 OCDE |9 1870 |a SUMINISTRO DE ALIMENTOS | |
| 650 | 0 | |2 UNESCO |9 4633 |a INTERDISCIPLINARIEDAD | |
| 650 | 0 | |2 OCDE |9 3784 |a POLITICAS PUBLICAS | |
| 650 | 0 | |2 OCDE |9 5178 |a ASPECTOS CULTURALES | |
| 650 | 0 | |2 OCDE |9 632 |a ASPECTOS SOCIALES | |
| 650 | 0 | |2 OCDE |9 4355 |a ASPECTOS ECONOMICOS | |
| 942 | |2 z |c LI |h 15.03.01 S449e |i 14487 |6 150301_S449E_14487 | ||
| 999 | |c 14660 |d 14660 | ||
